Grafika moderní angličtiny : skripta pro posluchače filozofických fakult Univerzity Karlovy /

Hlavní autor: Nosek, Jiří, 1919-2001
Jazyk: Čeština
Vydáno: Praha : Karolinum, 1991
Vydání: 2. vyd.
Témata:
Externí odkaz: Digitalizovaný dokument
Fyzický popis: 93 s.
Knihy
Uloženo v:
LEADER 01098nam a22002772a 4500
001 000156901
003 CZ BrMZK
005 20080318135539.0
007 ta
008 970107s1991 xr f cze d
015 |a cnb000064855 
020 |a 80-7066-420-7 
035 |a (OCoLC)39578881 
040 |a BOA001  |b cze 
080 |a 802.0-1(075.8)  |2 MRF 
100 1 |a Nosek, Jiří,  |d 1919-2001  |7 jk01090264  |4 aut 
245 1 0 |a Grafika moderní angličtiny :  |b skripta pro posluchače filozofických fakult Univerzity Karlovy /  |c Jiří Nosek 
250 |a 2. vyd. 
260 |a Praha :  |b Karolinum,  |c 1991 
300 |a 93 s. 
856 4 1 |u http://www.digitalniknihovna.cz/mzk/uuid/uuid:2afa4330-3d80-11e4-8fc5-005056827e52  |y Digitalizovaný dokument  |x NDK 
910 |a BOA001  |b PK-N-0029.574  |b 4-0972.231 
964 |a Angličtina spisovná - psaní - norma - učebnice - školy vysoké 
990 |a BK 
996 7 |b 3119950964  |c PK-N-0029.574  |l MZK  |r Sklad / do 1 hodiny  |n 4  |w 000156901  |u 000010  |a 1  |e BOA001  |j MZK50  |s A 
996 6 |b BC-563203  |c 4-0972.231  |l MZK  |r Sklad / do 1 hodiny  |n 0  |w 000156901  |u 000020  |a 1  |e BOA001  |j MZK50  |s P